Every Song by Lemon Demon - Statistics

General Stats
  • This quiz has been taken 568 times
    217 since last reset
  • The average score is 57 of 180
Answer Stats
Album Song % Correct
Spirit Phone(2016) Touch-Tone Telephone
73%
Nature Tapes(2014) Two Trucks
68%
Spirit Phone(2016) Cabinet Man
67%
Dinosaurchestra(2006) Fine
67%
Nature Tapes(2014) A Mask of My Own Face
66%
Dinosaurchestra(2006) The Ultimate Showdown of Ultimate Destiny
64%
Spirit Phone(2016) Lifetime Achievement Award
63%
Spirit Phone(2016) As Your Father I Expressly Forbid It
60%
View-Monster(2008) Amnesia Was Her Name
59%
Spirit Phone(2016) Soft Fuzzy Man
59%
Spirit Phone(2016) No Eyed Girl
58%
Spirit Phone(2016) Sweet Bod
58%
Nature Tapes(2014) My Trains
56%
Spirit Phone(2016) Eighth Wonder
55%
Clown Circus(2003) Lemon Demon
55%
View-Monster(Bonus)(2008) Modify
55%
Spirit Phone(2016) Spiral Of Ants
55%
View-Monster(2008) The Ocean
55%
Spirit Phone(2016) When He Died
55%
Hip to the Javabean(2004) I've Got Some Falling to Do
53%
Spirit Phone(2016) Ancient Aliens
52%
Damn Skippy(2005) Geeks in Love
52%
Damn Skippy(2005) Ode to Crayola
52%
Spirit Phone(2016) Reaganomics
52%
View-Monster(2008) Bill Watterson
49%
Damn Skippy(2005) Dead Sea Monkeys
49%
Dinosaurchestra(2006) Lawnmower
49%
Dinosaurchestra(2006) Action Movie Hero Boy
48%
Nature Tapes(2014) Jaws
48%
I Am Become Christmas(2012) Aurora Borealis
47%
Dinosaurchestra(2006) Dinosaurchestra Part One
47%
Spirit Phone(2016) I Earn My Life
47%
View-Monster(2008) Knife Fight
47%
I Am Become Christmas(2012) SAD
47%
Damn Skippy(2005) Pumpkin Pie
45%
Nature Tapes(2014) Really Cool Wig
45%
Damn Skippy(2005) Sky is Not Blue
45%
I Am Become Christmas(2012) CryptoSanta
44%
Dinosaurchestra(2006) Dinosaurchestra Part Three
44%
Dinosaurchestra(2006) Dinosaurchestra Part Two
44%
Spirit Phone(2016) Man-Made Object
44%
Dinosaurchestra(2006) Deep in the Ocean
42%
Nature Tapes(2014) Everybody Loves Raymond
42%
Hip to the Javabean(2004) Sick Puppy
42%
Damn Skippy(2005) When Robots Attack
42%
Spirit Phone(Bonus)(2016) You're at the Party
42%
Nature Tapes(2014) BRODYQUEST
41%
Clown Circus(2003) Don't Be Like The Sun
41%
View-Monster(2008) The Machine
41%
Dinosaurchestra(2006) The Too Much Song
41%
Live from the Haunted Candle Shop(2003) Boat
40%
View-Monster(2008) Marketland
40%
View-Monster(2008) The Man in Stripes and Glasses
40%
Dinosaurchestra(2006) Vow of Silence
40%
View-Monster(2008) Kaleidoskull
38%
View-Monster(Bonus)(2008) Sundial
38%
View-Monster(2008) The Afternoon
38%
View-Monster(2008) The Only House That's Not on Fire(Yet)
38%
I Am Become Christmas(2012) Christmas Will Be Soon
37%
Hip to the Javabean(2004) Go to Hollywood
37%
Spirit Phone(Bonus)(2016) Redesign Your Logo
37%
Spirit Phone(Bonus)(2016) Cat Hacks
36%
Live from the Haunted Candle Shop(2003) Dance Like an Idiot
36%
Spirit Phone(Bonus)(2016) Geocities
36%
Dinosaurchestra(2006) Neverending Hum
36%
I Am Become Christmas(2012) Prelude to Presents
36%
View-Monster(2008) Spring Heeled Jack
36%
Clown Circus(2003) Error
34%
Spirit Phone(Bonus)(2016) Kubrick and the Beast
34%
Dinosaurchestra(2006) Nothing Worth Loving Isn't Askew
34%
Dinosaurchestra(2006) Stuck
34%
Hip to the Javabean(2004) Your Evil Shadow Has a Cup of Tea
34%
View-Monster(Bonus)(2008) 320x200
33%
Hip to the Javabean(2004) Atomic Copper Claw
33%
Clown Circus(2003) Bowling Alley
33%
Dinosaurchestra(2006) Indie Cindy & the Lo-fi Lullabies
33%
Hip to the Javabean(2004) Musical Chairs
33%
Spirit Phone(Bonus)(2016) Pizza Heroes
33%
Damn Skippy(2005) Word Disassociation
33%
Dinosaurchestra(2006) Your Imaginary Friend
33%
View-Monster(2008) Gadzooks
32%
Clown Circus(2003) Hyakugojyuuichi 2003
32%
Hip to the Javabean(2004) What's in the Toaster?
32%
Spirit Phone(Bonus)(2016) Angelfire
30%
Spirit Phone(Bonus)(2016) Angry People
30%
Dinosaurchestra(2006) Archaeopteryx
30%
Hip to the Javabean(2004) Between You and Me
30%
View-Monster(2008) Something Glowing
30%
Hip to the Javabean(2004) Sunbeam Light Show Flower Seed
30%
Dinosaurchestra(2006) This Hyper World
30%
Almanac 2009(2009) Toy Food
30%
View-Monster(2008) Being a Rock Star
29%
Hip to the Javabean(2004) Consumer Whore
29%
Clown Circus(2003) Elsewhere
29%
Dinosaurchestra(2006) Eyewishes
29%
Damn Skippy(2005) Flamingo Legs
29%
Spirit Phone(Bonus)(2016) Gravitron
29%
Damn Skippy(2005) Kitten is Angry
29%
Spirit Phone(Bonus)(2016) Moon's Request
29%
Clown Circus(2003) Pepper and Salt
29%
Damn Skippy(2005) Rainwater
29%
Damn Skippy(2005) Smell Like a Cookie All Day
29%
Damn Skippy(2005) Subtle Oddities
29%
Hip to the Javabean(2004) Telekinesis
29%
Clown Circus(2003) Ten Thousand Light Years Away
29%
Clown Circus(2003) Wrong
29%
View-Monster(Bonus)(2008) Ben Bernanke
27%
Damn Skippy(2005) Dizziful Bliss
27%
Hip to the Javabean(2004) I Know Your Name
27%
Hip to the Javabean(2004) Matches and Nails
27%
Live from the Haunted Candle Shop(2003) Party on the Moon
27%
Nature Tapes(2014) Sexy DVD
27%
Damn Skippy(2005) The Ceiling
27%
Damn Skippy(2005) What Will Happen Will Happen
27%
Dinosaurchestra(2006) Bystanding
26%
Damn Skippy(2005) Gonna Dig Up Alec Guinness
26%
Clown Circus(2003) Idiot Control Now
26%
Damn Skippy(2005) New Way Out
26%
View-Monster(Bonus)(2008) The Wiggles Hate Each Other in Real Life
26%
Dinosaurchestra(Hidden)(2006) Turkeys
26%
Dinosaurchestra(Bonus)(2006) White Bread Boyfriend
26%
Damn Skippy(2005) Eventuality
25%
Hip to the Javabean(2004) Fancy Pants Manifesto
25%
Nature Tapes(2014) Goosebumps
25%
View-Monster(Bonus)(2008) Hip Hop Cherry Pop
25%
Live from the Haunted Candle Shop(2003) Mold En Mono
25%
Non-Album(2017) One Weird Tip
25%
Hip to the Javabean(2004) Relativity
25%
View-Monster(2008) The Satirist's Love Song
25%
View-Monster(2008) Ask for Nothing
23%
Spirit Phone(Bonus)(2016) Crisis Actors
23%
Live from the Haunted Candle Shop(2003) Movie Night
23%
Live from the Haunted Candle Shop(2003) Mr. Wolfgang
23%
Live from the Haunted Candle Shop(2003) Switzerland
23%
View-Monster(Bonus)(2008) 123456 Pokemon
22%
Clown Circus(2003) Fire Motif
22%
Live from the Haunted Candle Shop(2003) Destructo!
21%
Clown Circus(2003) Holy Bison Beaks!
21%
Hip to the Javabean(Bonus)(2004) Almond
19%
Hip to the Javabean(Bonus)(2004) Bad Idea
19%
View-Monster(Bonus)(2008) Drinky-bird
19%
Clown Circus(2003) Hazel's Modus Operandi
19%
Hip to the Javabean(Bonus)(2004) Run, Harry, Run!
19%
Clown Circus(2003) Somnolence
19%
Hip to the Javabean(Bonus)(2004) Take a Picture
19%
Live from the Haunted Candle Shop(2003) Chu Chu Rocket
18%
Live from the Haunted Candle Shop(2003) Hydroelectric Viking
18%
View-Monster(Bonus)(2008) Nightmare Fuel
16%
Dinosaurchestra(Bonus)(2006) Samuel and Rosella
16%
Dinosaurchestra(Bonus)(2006) Abraham Lincoln's Head
15%
Hip to the Javabean(Bonus)(2004) Behold the FUTURE
15%
Live from the Haunted Candle Shop(2003) Booja Jabooja
15%
Live from the Haunted Candle Shop(2003) Fiberglass Monkey
15%
Dinosaurchestra(Bonus)(2006) The Next Dimension
15%
Hip to the Javabean(Bonus)(2004) There's a Robot in My Head
15%
Live from the Haunted Candle Shop(2003) The Saga of You, Confused Destroyer of Planets
15%
Dinosaurchestra(Bonus)(2006) It Can Get Lonely in My Mansion
14%
Hip to the Javabean(Bonus)(2004) Roman Robot Statues
14%
View-Monster(Bonus)(2008) Everyday French
12%
Live from the Haunted Candle Shop(2003) Fly Straight or Drop the Oar and Wreck
12%
Damn Skippy(Bonus)(2005) March of the Living Figments
12%
Live from the Haunted Candle Shop(2003) Oz Explodes
12%
Dinosaurchestra(Bonus)(2006) Stick Stickly
12%
Live from the Haunted Candle Shop(2003) Without My Tonsils
12%
View-Monster(Bonus)(2008) creepy
11%
Dinosaurchestra(Bonus)(2006) Funniest
11%
Non-Album(2009) Ivanushka
11%
Damn Skippy(Bonus)(2005) Mothers All Over the World
11%
Dinosaurchestra(Bonus)(2006) Being Alone on Valentine's Day
10%
Damn Skippy(Bonus)(2005) Mr. Porta-Potty Man
10%
Hip to the Javabean(Bonus)(2004) Not Applicable
10%
Damn Skippy(Bonus)(2005) Pirate in a Box
10%
Dinosaurchestra(Bonus)(2006) Space Mission Alpha
10%
Dinosaurchestra(Bonus)(2006) Princess Unicorn Bunny Kitten Angel
8%
View-Monster(Bonus)(2008) Today's Secret Word
5%
View-Monster(Bonus)(2008) Treasure Map
5%
View-Monster(Bonus)(2008) You Got a Toothache
5%
Dinosaurchestra(Bonus)(2006) Birthdays (Alligators and Pretzel Makers)
4%
View-Monster(Bonus)(2008) Strangelet
4%
Almanac 2009(2009) This is Youmacon
3%
No matching quizzes found
Score Distribution
Percent of People with Each Score
Percentile by Number Answered
Your Score History
You have not taken this quiz since the last reset